000 00525nam a2200205Ia 4500
005 20250923144507.0
008 008 250917s9999 xx 000 0 eng d
037 _aTextual
040 _aDSWL
_beng
_cDSWL
041 _aeng
_2eng
084 _qDSWL
100 _aMasani, M.R.
_9825445
245 0 _aCommunist party of India
_cby M.R. Masani
260 _aLondon
_bDerek-Verscnoyle
_c1954
300 _a302p.
365 _aINR
_b9.8
925 _g9.8
942 _cTEXL
999 _c1439613
_d1439613